000 01931nam0a2200349 4500
001 RU\NLR\BIBL_A\022422128
005 20250603170352.0
010 _a978-5-7992-1139-4
_91000
021 _aRU
_bКН-П-24-070099
_9КН-П-24-7007
035 _a(NLR Aleph) 022422128
090 _a13425488
_c13425488
100 _a20241227d2024 u y0rusy50 ca
101 0 _arus
102 _aRU
105 _aac z 000yy
181 0 _ai3
_baxxe
182 0 _an
200 1 _aСССР: диалог поколений Кубани
_eсборник
_fКраснодарская краевая общественная организация "Ветераны комсомола Кубани"
_gпод ред. д-ра филос. наук, проф. Н. Г. Денисова и д-ра техн. наук, проф. Ю. Ф. Рослякова
203 _aТекст
_bвизуальный
_cнепосредственный
210 _aМайкоп
_cПолиграф-Юг
_d2024
215 _a428, [1] с., [14] л. ил., цв. ил., портр.
_cил., портр.
_d21
601 0 2 _aВЛКСМ
_bКраснодарская организация
_jВоспоминания, записки и т.п
_92667990
_3RU\NLR\AUTH\6601756017
607 _aКраснодарский край
_jВоспоминания, записки и т.п
_xДеятели
_92479568
_3RU\NLR\AUTH\661472064
686 1 _aТ3(2Р-4Кр)74-8,013
686 1 _aФ75(2)193(2Р-4Кр),013
702 1 _4340
_7ca
_8rus
_aДенисов
_bН. Г.
_cд-р филос. наук
_f1950-
_gНиколай Григорьевич
_924427
_3RU\NLR\AUTH\7741479
712 0 2 _4570
_a"Ветераны комсомола Кубани", краснодарская краевая общественная организация
_9657569
_3RU\NLR\AUTH\880498894
942 _cBOOK
980 _aNB